01289 a2200181 4500003000500000005001700005040000900022082001400031100002100045245004600066260003600112300001100148505075200159650003100911942002300942999001900965952012300984NUST20230131153012.0 cNust a941.1,COL aCole, D.H948854 aImperial Military geography /cD. H. Cole aLondonbSifton Praed & Coc1950 a316:p. aThe Problems Of Commonwealth Defence (Page-1), The Political Organization Of The British Commonwealth (Page-6), The Defence Forces Of The British Commonwealth (Page-21), Great Britain And Western Europe (Page-33), Britain And The Atlantic Ocean (Page-56), Great Britain And The Mediterranean Area (Page-76), Britain And The Middle East (Page-94), Egypt And The Anglo Egyptian Sudan (Page-126), Britain The Indian Ocean And India (Page-149), Problems Of The Pacific Ocean (Page-170), The Air Routes Of The Empire (Page-189), Cables And Wireless (Page-197), British Possessions In East Central And West Africa (Page-205), The Dominion Bases (Page-234), The Population Of The Commonwealth (Page-275), Natural Resources Of The Commonwealth (Page-283). a Military geography948855 2ddccBKk941.1,COL c187264d187264 00102ddc4070aMCSbMCScGENd2016-12-12o941.1,COLpMCS29133r2016-12-08w2016-12-12yBKzAlmirah No.60, Shelf No.4